| 000 | 00000nam##2200000za#4500 |
| 001 | 9.589875 |
| 003 | CaOODSP |
| 005 | 20210624195845 |
| 007 | cr ||||||||||| |
| 008 | 150406|2003||||xxc|||||o f|0| 0 eng|d |
| 022 | |a1919-5044 |
| 040 | |aCaOODSP|beng |
| 041 | |aeng |
| 041 | |afre |
| 043 | |an-cn--- |
| 086 | 1 |aFs70-5/2003-015-PDF |
| 110 | 1 |aCanada. |bDepartment of Fisheries and Oceans. |
| 245 | 10|aAssessment of cod in the southern Gulf of St. Lawrence, February 2003 / |h[electronic resource]|c[by] G.A. Chouinard, D.P. Swain, L. Currie, G. Poirier, A. Rondeau, H. Benoît, T. Hurlbut, D. Daigle. |
| 260 | |aOttawa - Ontario : |bFisheries and Oceans Canada |cc2003. |
| 300 | |a120p.|bcoloured figs., tables |
| 490 | 1 |aCanadian Science Advisory Secretariat research document|x1919-5044|v2003/015 |
| 504 | |aBibliography. |
| 590 | |a14-04-Supp|b2014-02-05 |
| 792 | |tÉvaluation du stock de morue du sud du Golfe du Saint-Laurent, février 2003 / |efre|w(CaOODSP)9.589876 |
| 830 | #0|aResearch document (Canadian Science Advisory Secretariat)|x1919-5044|v2003/015|w(CaOODSP)9.500505 |
| 856 | 40|ahttp://publications.gc.ca|qPDF|s4.14 MB|uhttps://publications.gc.ca/collections/collection_2014/mpo-dfo/Fs70-5-2003-015.pdf|y2003/015 |